000 00844cam a2200217 4500
001 WB3627-13
008 000000n2000 000 0 eng u
035 _a(Sirsi) u107097
245 _aHouse price increases 'reaching the ceiling'
260 _c2000
490 _aDaily Telegraph
_v 12 July 2000, 32
490 _aIndependent
_v 12 July 2000, 5(2)
520 _aNationwide Building Society reports house price rises have slowed down over the second quarter and now appear to have peaked. There was variation between certain areas, with Lewisham and Brighton among some places experiencing sharp rises.
590 _aWB
650 _aHOUSE PRICES
650 _aNATIONWIDE BUILDING SOCIETY
650 _aHALIFAX
650 _aREGIONAL VARIATIONS
690 _aPROPERTY-RESIDENTIAL PROPERTY-RESIDENTIAL PROPERTY MARKET
942 _n0
999 _c64044
_d64044